Vplyv parametrov zvárania pevnolátkovým laserom na mikroštruktúru a mechanické vlastnosti spojov z dvojfázových ocelí

Gespeichert in:
Bibliographische Detailangaben
1. Verfasser: Vjatráková, Monika (Verfasst von)
Weitere Verfasser: Švec, Pavol (Betreuung Doktorarbeit)
Format: Manuskript Buch
Sprache:Slowakisch
Veröffentlicht: 2024
Schlagworte:
Online-Zugang:http://is.stuba.sk/zp/portal_zp.pl?podrobnosti=179879
Tags: Tag hinzufügen
Keine Tags, Fügen Sie das erste Tag hinzu!

MARC

LEADER 00000ntm a22000003a 4500
001 stuzp97150
003 SK-STU
005 20241114130912.5
007 ta
008 150427s2015----xo-----f-mn---000-0-slo-d
040 |a STU  |b slo 
041 0 |a slo 
100 1 |a Vjatráková, Monika  |u 020050  |4 aut  |U SjF Strojnícka fakulta  |T SjF Ústav technológií a materiálov  |X 123480  |U J0050  |Y 803  |7 123480 
242 0 1 |a Effect of fibre laser welding parameters on microstructure and mechanical properties of dual phase steels joints  |y eng 
245 1 0 |a Vplyv parametrov zvárania pevnolátkovým laserom na mikroštruktúru a mechanické vlastnosti spojov z dvojfázových ocelí 
260 |c 2024 
650 4 |a dvojfázové ocele  |2 slo 
650 4 |a laserové zváranie plechov  |2 slo 
650 4 |a makroštruktúra spojov  |2 slo 
650 4 |a mikroštruktúra  |2 slo 
650 4 |a mikrotvrdosť  |2 slo 
650 4 |a pevnosť v ťahu  |2 slo 
650 4 |a dual phase steels  |2 eng 
650 4 |a microhardness  |2 eng 
650 4 |a laser welding of sheet metal  |2 eng 
650 4 |a macrostructure of joints  |2 eng 
650 4 |a microstructure  |2 eng 
650 4 |a tensile strength  |2 eng 
700 1 |a Švec, Pavol  |u 020050  |k Z1  |4 ths  |U SjF Strojnícka fakulta  |T SjF Ústav technológií a materiálov  |X 2305  |U J0050  |Y 803  |7 A000002305 
856 4 |u http://is.stuba.sk/zp/portal_zp.pl?podrobnosti=179879 
996 |b 284J047623  |c J* 3718/DDP  |l JJSK  |s A  |a 24  |w stuzp97150_0001